Marx...or Smith? - Statistics

General Stats
  • This quiz has been taken 174 times
  • The average score is 7 of 12
Answer Stats
Question Answer % Correct
"The ruling ideas of each age have ever been the ideas of its ruling class." Karl Marx
80%
"The interest of the dealers… is always in some respects different from, and even opposite to, that of the public." Adam Smith
74%
"One capitalist always kills many." Karl Marx
74%
"The worker produces not only commodities; he produces himself and the worker as a commodity." Karl Marx
72%
"The value which the workmen add to the materials… resolves itself into two parts, of which the one pays their wages, the other the profits of their employer." Adam Smith
59%
"Capital is reckless of the health or length of life of the labourer, unless under compulsion from society." Karl Marx
59%
"Philosophers have only interpreted the world, in various ways; the point, however, is to change it." Karl Marx
58%
"Masters are always and everywhere in a sort of tacit, but constant and uniform, combination, not to raise the wages of labour above their actual rate." Adam Smith
57%
"The man whose whole life is spent in performing a few simple operations… becomes as stupid and ignorant as it is possible for a human creature to become." Adam Smith
56%
"Landlords love to reap where they never sowed." Adam Smith
49%
"Accumulate, accumulate! That is Moses and the prophets!" Karl Marx
38%
"Civil government, so far as it is instituted for the security of property, is in reality instituted for the defence of the rich against the poor." Adam Smith
25%
No matching quizzes found
Score Distribution
Percent of People with Each Score
Percentile by Number Answered
Your Score History
You have not taken this quiz